| 000 | 00975cam a22003254a 4500 | ||
|---|---|---|---|
| 001 | 15499349 | ||
| 003 | OSt | ||
| 005 | 20251104020005.0 | ||
| 008 | 081024s2010 paua 001 0 eng | ||
| 010 | _a 2008046822 | ||
| 016 | 7 |
_a101487486 _2DNLM |
|
| 020 | _a9780443069529 | ||
| 020 | _a0443069522 | ||
| 035 | _a(OCoLC)ocn265657274 | ||
| 040 |
_aDNLM/DLC _cDLC _dBTCTA _dBAKER _dNLM _dC#P _dYDXCP _dBWX _dCDX _dDLC |
||
| 042 | _apcc | ||
| 050 | 0 | 0 |
_aQM23.2 _b.D73 2010 |
| 060 | 1 | 0 |
_aQS 4 _bD762g 2010 |
| 082 | 0 | 0 |
_aQS 4 D78g 2010 _222 |
| 100 | 1 |
_aDrake, Richard L.; Vogl, Wayne A.; Mitchell, Adam W.M _d1950- _9786 |
|
| 245 | 1 | 0 | _aGray's Anatomy for Students |
| 250 | _a2nd ed. | ||
| 260 |
_aPhiladelphia, PA ; _bChurchill Livingstone, _cc2010. |
||
| 300 |
_axxv, 1103 p. : _bill. (chiefly col.) ; _c28 cm. |
||
| 500 | _aIn | ||
| 504 | _aIncludes index. | ||
| 650 | 0 |
_aHuman anatomy. _9134 |
|
| 906 |
_a7 _bcbc _corignew _d1 _eecip _f20 _gy-gencatlg |
||
| 942 |
_2z _cB_BANK _01 |
||
| 999 |
_c295 _d295 |
||